somer (Record no. 675075)
[ view plain ]
| 000 -LEADER | |
|---|---|
| fixed length control field | 00269nam a2200109Ia 4500 |
| 008 - FIXED-LENGTH DATA ELEMENTS--GENERAL INFORMATION | |
| fixed length control field | 220630s9999 xx 000 0 und d |
| 020 ## - INTERNATIONAL STANDARD BOOK NUMBER | |
| International Standard Book Number | <a href="978 1 77000 642 3">978 1 77000 642 3</a> |
| 082 ## - DEWEY DECIMAL CLASSIFICATION NUMBER | |
| Classification number | af king |
| 942 ## - ADDED ENTRY ELEMENTS | |
| Modifier ID | |
| Modifier Name | CRON CRON |
| 100 ## - MAIN ENTRY--PERSONAL NAME | |
| Personal name | Kingsbury, Karen |
| 245 #0 - TITLE STATEMENT | |
| Title | somer |
| 942 ## - ADDED ENTRY ELEMENTS | |
| item type | Books |
| Withdrawn status | Lost status | Damaged status | Not for loan | Home library | Current library | Date acquired | Cost, normal purchase price | Total Checkouts | Barcode | Date last seen | Date last checked out | Price effective from | item type | Public note |
|---|---|---|---|---|---|---|---|---|---|---|---|---|---|---|
| Hendrina PL (MMID-PLST-HEND) | Hendrina PL (MMID-PLST-HEND) | 23.06.2022 | 70.00 | 2 | 33089000271407 | 12.11.2025 | 14.10.2025 | 23.06.2022 | Books | 110146 | ||||
| Nasaret PL (MMID-PLST-NASA) | Nasaret PL (MMID-PLST-NASA) | 02.07.2022 | 119.95 | 33809000338553 | 02.07.2022 | 02.07.2022 | Books | 809/15 | ||||||
| Rietkuil PL (MMID-PLST-RIET) | Rietkuil PL (MMID-PLST-RIET) | 24.06.2022 | 80.00 | 33809000353982 | 24.06.2022 | 24.06.2022 | Books | 48/2013 |